000 00944cai a22002175a 4500
001 E146522
008 090129s2008 xxk f s000 0 eng d
035 _a(Sirsi) u146522
041 0 _aeng
050 0 4 _a711.1 $2 18
110 2 _aScotland
_bScottish Executive
_94769
245 0 0 _aWest Edinburgh planning framework 2008
_h[electronic resource]
260 _aEdinburgh
_bScottish Executive
_c2008
520 _aSection of the Scottish Government's website which contains documents relating to the 2008 edition of the West Edinburgh Planning Framework. Includes backrgound and consultation reports, a policy summary and related work.
521 _aAdvanced
590 1 4 _aKA
651 4 _aEdinburgh
690 _aPlanning and development
_96259
856 4 0 _uhttps://www.scotland.gov.uk/Topics/Built-Environment/planning/National-Planning-Policy/themes/west-ed#a3
_zView the website free of charge at www.scotland.gov.uk...
942 _n0
999 _c120759
_d120759